|
|
|
|
| LEADER |
00000nab a2200000 ar4500 |
| 001 |
vtls009007611 |
| 003 |
SK-MaSNL |
| 005 |
20260303065451.0 |
| 008 |
070716c2007 xo wr|p|||||||000 ||slo |
| 038 |
|
|
|a PPPK
|
| 040 |
|
|
|a PPPKCL
|b slo
|c PPPK
|e AACR2
|
| 041 |
0 |
|
|a slo
|
| 044 |
|
|
|a xo
|c SK
|
| 080 |
|
|
|a 391
|x (437.6)
|2 2001
|
| 100 |
1 |
|
|a Fabianová, Zuzana
|d 1982-
|4 aut
|9 850428
|
| 245 |
1 |
0 |
|a Posledná šička
|c Text a foto: Zuzana Gabianová
|
| 300 |
|
|
|b Fotogr.
|
| 600 |
1 |
7 |
|a Bartošová, Mária
|d 1928-
|2 pppkcl
|9 1065557
|
| 650 |
0 |
7 |
|a ľudový odev
|x kroje
|x výroba
|2 pppkcl
|9 1065558
|
| 650 |
0 |
7 |
|a spomienky
|2 pppkcl
|9 55795
|
| 651 |
|
7 |
|a Štrba (Slovensko)
|2 pppkcl
|9 56257
|
| 773 |
0 |
|
|t Tatranský denník Korzár
|g Roč. IX, č. 140 (19.6.2007)
|x 1335-7573
|
| 773 |
0 |
8 |
|t Tatry : regionálna príloha denníka Korzár
|g S. 6
|
| 852 |
|
|
|a PPPK
|b KIS3GCP
|
| 856 |
|
|
|u www.korzar.sk
|
| 999 |
|
|
|c 1751288
|d 1753218
|